00230nam a2200085Ia 4500001000800000005001700008008004100025245005400066260002400120118927820250827021047.0250824s9999 xx 000 0 und d 0aSÜPER ORGANLAR YOK DAHA NELER cASENA MERİÇ bYEDİVEREN ÇOCUK